Aktivita glutamátdehydrogenázy, aspartátaminotransferázy a alanínaminotransferázy v rôznych štruktúrach hovädzieho mozgu

Podrobná bibliografia
Hlavní autori: Ruščák, Michal, 1928- (Autor), Orlický, Jozef (Autor), Žúbor, Vladimír, 1952- (Autor)
Médium: Článok
Jazyk:slovenčina
Fyzický popis:Tb. 1. Res. nem.
Predmet:

MARC

LEADER 00000nab a2200000 a 4500
001 vtls000064477
003 SK-MaSNL
005 20260304065503.0
008 250422c1980 xo 0 slo
015 |a SNBRB19rr/mm-uuuuu 
035 |a CL0074577 
035 |a urn:nbn:sk:snk-ab1sg 
035 |a (urnnbn)urn:nbn:sk:snk:ar-a03jvq 
035 |a (uuid)f6a9ce51-6cc8-47ab-997b-5cb2dbdc113d 
040 |a SNKBUCL  |b slo  |c SNKBUCL  |e AACR2 
041 0 |a slo 
044 |a xo  |c SK 
080 |a 612.1/.8  |2 1981 
080 |a 619  |2 1981 
080 |a 547  |2 1981 
080 |a 577  |2 1981 
100 1 |a Ruščák, Michal,  |d 1928-  |4 aut  |9 197868 
245 1 0 |a Aktivita glutamátdehydrogenázy, aspartátaminotransferázy a alanínaminotransferázy v rôznych štruktúrach hovädzieho mozgu  |c Michal Ruščák, Jozef Orlický, Vladimír Žúbor 
300 |b Tb. 1. Res. nem. 
650 0 7 |a glutamátdehydrogenáza  |2 snkbucl  |9 1137283 
650 0 7 |a aspartátaminotransferáza  |2 snkbucl  |9 1073774 
650 0 7 |a alanínaminotrasferáza  |2 snkbucl  |9 1354576 
650 0 7 |a mozgová kôra  |2 snkbucl  |9 113369 
655 7 |a články z novín a časopisov  |2 snkbucl  |9 267496 
700 1 |a Orlický, Jozef  |4 aut  |9 6522 
700 1 |a Žúbor, Vladimír,  |d 1952-  |4 aut  |9 196525 
773 0 |t Bratislavské lekárske listy  |g Roč. 74, č. 1 (1980), s. 3-8 
850 |a Slovenská národná knižnica 
852 |a Slovenská národná knižnica 
954 |a odborná, vedecká literatúra pôvodná (slovenská)  |2 lita 
958 |a article27 
958 |a RK 
958 |a OND 
958 |a EUIPO 
992 |a RBX 
999 |c 2751024  |d 2752954